书目信息 |
| 题名: |
20世纪法国小说诗学
|
|
| 作者: | 史忠义 著 | |
| 分册: | ||
| 出版信息: | 北京 社会科学文献出版社 2000.01 |
|
| 页数: | 473页 | |
| 开本: | 32开 | |
| 丛书名: | ||
| 单 册: | ||
| 中图分类: | I565.074 | |
| 科图分类: | ||
| 主题词: | 文学 | |
| 电子资源: | ||
| ISBN: | 7-80149-224-2 | |
| 000 | 00558nam0 2200193 45 | |
| 001 | 0010211636 | |
| 005 | 20001021161446.1 | |
| 010 | @a7-80149-224-2@d28.00元 | |
| 100 | @a20001021d2000 km y0chiy0120 ea | |
| 101 | 0 | @achi |
| 105 | @a z 000yy | |
| 200 | 1 | @a20世纪法国小说诗学@A20 Shi Ji Fa Guo Xiao Shuo Shi Xue@f史忠义著@FShi Zhong Yi Zhu |
| 210 | @a北京@c社会科学文献出版社@d2000.01 | |
| 215 | @a473页@d32开 | |
| 606 | 0 | @a文学 |
| 690 | @aI565.074@v3 | |
| 701 | 0 | @a史忠义@4著 |
| 801 | @aCN@bPftUser@c20001021 | |
| 905 | @b180704-706@dI565.074@eSH931@f3 | |
| 20世纪法国小说诗学/史忠义著.-北京:社会科学文献出版社,2000.01 |
| 473页;32开 |
| ISBN 7-80149-224-2:28.00元 |
| ● |
| 相关链接 |
|
|
|
正题名:20世纪法国小说诗学
索取号:I565.074/SH931
 
预约/预借
| 序号 | 登录号 | 条形码 | 馆藏地/架位号 | 状态 | 备注 |
| 1 | 180704 | 201807045 | 文学库116/116文学库 22排5列6层/ [索取号:I565.074/SH931] | 在馆 | |
| 2 | 180705 | 201807054 | 文学库116/116文学库 22排5列6层/ [索取号:I565.074/SH931] | 在馆 | |
| 3 | 180706 | 201807063 | 社科二线422/422社科库 29排4列4层/ [索取号:I565.074/SH931] | 在馆 |